| 000 | 00453nam a2200181Ia 4500 | ||
|---|---|---|---|
| 005 | 20250120012125.0 | ||
| 008 | 240331s9999 xx 000 0 und d | ||
| 020 | _a0195639154 | ||
| 082 |
_bVIS _22676 _a305.3 |
||
| 100 | _aVisweswaran, K | ||
| 245 | 0 | _aFictions of Feminist Ethnography | |
| 260 |
_aDelhi _bOxford University Press _c1996 |
||
| 300 | _axii, 205 p., | ||
| 650 | _aFeminism | ||
| 650 | _aEthnography | ||
| 650 | _aFiction | ||
| 942 | _cL | ||
| 999 |
_c5507 _d5507 |
||